| 000 | 01647nam0a2200337 4500 | ||
|---|---|---|---|
| 001 | RU\NLR\BIBL_A\016295141 | ||
| 005 | 20250625031054.0 | ||
| 010 |
_a978-5-9967-2618-9 _9100 |
||
| 021 |
_aRU _b2023-10 _9КН-П-1 |
||
| 035 | _a(RuMoRGB)011513112 | ||
| 035 | _a(NLR Aleph) 016295141 | ||
| 090 |
_a12956564 _c12956564 |
||
| 100 | _a20230221d2022 |||y0rusy50 ca | ||
| 101 | 0 | _arus | |
| 102 | _aRU | ||
| 105 | _aa|||z||||||z| | ||
| 181 | 1 |
_ai3 _baxxe |
|
| 182 | 1 | _an | |
| 200 | 1 |
_aПредставления о физике микромира через призму логики философии _eмонография _fВ. Е. Кабетов _gМинистерство науки и высшего образования Российской Федерации, Федеральное государственное бюджетное образовательное учреждение высшего образования "Магнитогорский государственный технический университет им. Г. И. Носова" |
|
| 203 |
_aТекст _bвизуальный _cнепосредственный |
||
| 210 |
_aМагнитогорск _cИЦ МГТУ _d2022 |
||
| 215 |
_a83 с. _cил. _d21 |
||
| 320 | _aБиблиогр. в подстроч. примеч. | ||
| 606 | 1 |
_aАтомная физика _xФилософские вопросы _91892340 _3RU\NLR\AUTH\661151005 |
|
| 686 | 1 |
_aЮ252 _bВ36 |
|
| 686 | 1 | _aВ36в | |
| 700 | 1 |
_aКабетов _bВ. Е. _gВладимир Евгеньевич |
|
| 942 | _cBOOK | ||
| 980 | _aNB | ||